Trouvez ces classiques Disney-Pixar grâce aux indices - Statistiques

Statistiques générales
  • Ce quiz a été pris 333 fois
  • Le résultat moyen est 45 sur 94
Statistiques - réponses
Indices Réponses % Correct
Je ne veux pas grandir Peter Pan
92%
Homme très fort Hercule
86%
Je suis ton meilleur ami Aladdin
85%
Belle mère Cendrillon
84%
Inde Le livre de la jungle
83%
Andy Toy Story
82%
Glacial La reine des neiges
81%
Le cycle de la vie Le roi lion
81%
Fête des morts Coco
79%
Spaghettis La belle et le clochard
79%
J'ai beaucoup de sœur La petite sirène
78%
Cathédrale Le bossu de notre dame
77%
Mouffette Bambi
76%
Police Zootopie
76%
3 bonnes fées La belle au bois dormant
75%
Exotique Vaiana
75%
Cuisine Ratatouille
74%
Sydney Le monde de Nemo
73%
Ne va pas chez le coiffeur Raiponce
73%
Emotions Vice-versa
73%
Miel Winnie l'ourson
73%
Combat Mulan
72%
Il vole Dumbo
71%
Donne aux pauvres Robin des bois
70%
Circuits Cars
69%
Gorilles Tarzan
69%
Insectes 1001 pattes
67%
Tâches Les 101 dalmatiens
67%
Espace Wall E
66%
Jeux vidéos Les mondes de Ralph
64%
Les roses en rouges Alice au pays des merveilles
63%
Je suis très rêveuse La belle et la bête
62%
Un acteur qui a du chien Volt
62%
Dites leur que je m'en vais Frère des ours
60%
Jazz La princesse et la grenouille
60%
Hauteur Là haut
58%
Aquarium Le monde de Dory
58%
Paris Les aristochats
58%
Indépendante Rebelle
57%
Poulet Chicken Little
56%
Famille masquée Les indestructibles
56%
Avion Planes
56%
Par la barbe de ... Merlin l'enchanteur
55%
Fourchette Toy Story 4
55%
Du bois et des ânes Pinocchio
54%
Robots Les nouveaux héros
53%
Cité perdue Atlantide
52%
Lion banni Le roi lion 2
51%
Poison Blanche-Neige et les sept nains
47%
Crèche Toy Story 3
47%
Bateau volant La planète au trésor
44%
Chasse Rox et Rouky
44%
Salamandre La reine des neiges 2
43%
Printemps La fée Clochette
39%
Fille qui adore l'océan La petite sirène 2
39%
New-York rétro Oliver et compagnie
39%
Egocentrique Kuzco
38%
Au rythme de la jungle Le livre de la jungle 2
38%
Internet Ralph 2.0
38%
Université Monstres Academy
35%
Yodel La ferme se rebelle
33%
Guerre Peter Pan 2
32%
Chiens errants La belle et le clochard 2
31%
Préhistoire Le voyage d'Arlo
30%
Soif Dinosaure
29%
Salle de cinéma Le roi lion 3
29%
L'enfance d'un personnage Tarzan 2
29%
Aloha Lilo & Stitch
28%
Tigre Les aventures de Tigrou
27%
Australie Bernard et Bianca au pays des kangourous
26%
Je veux rendre fier mon père Bambi 2
24%
Futur Bienvenue chez les Robinson
24%
Petite orpheline Les aventures de Bernard et Bianca
24%
Villa de luxe Les indestructibles 2
24%
Sœur d'hiver Clochette et le secret des fées
22%
Zoo de New York The wild
20%
Un pirate pas comme les autres Clochette et la fée pirate
19%
Collectionneur de papillon Clochette et l'expédition féerique
19%
J'ai peur de l'eau Frère des ours 2
19%
Musique interdite Le secret de la petite sirène
19%
Mousquetaires Mickey, Donald, Dingo : les trois mousquetaires
19%
Un monde nouveau Pocahontas 2
19%
Voleurs Aladdin et le roi des voleurs
18%
Flamant rose Fantasia 2000
18%
Canards La bande a Picsou
18%
Tout rose Les aventures de Porcinet
18%
Miroir à trois souhaits Clochette et la pierre de lune
17%
Foire Rox et Rouky 2
16%
Je fais des bonds Les aventures de Petit Gourou
15%
Créature de la foret Clochette et la créature légendaire
14%
Portes Monstres & cie
13%
Éléphant de couleur Winnie l'ourson et l'éfélant
13%
Elvis Lilo & Stitch 2
12%
Ouragan 101 dalmatiens 2
3%
Aucun quiz correspondant
Distribution des résultats
% des personnes avec chaque résultat
Percentile par nombre de réponses
Votre historique - résultats
Vous n’avez pas pris ce quiz